| 000 | 00603pam a2200205 a 4500 | ||
|---|---|---|---|
| 001 | 2088020 | ||
| 005 | 20250519103528.0 | ||
| 008 | 951027m19969999maua b 001 0 eng | ||
| 020 | _a0262133245 (hc : alk. paper) | ||
| 050 | 0 | 0 |
_aHB145 _b.M34 1996 |
| 082 | 0 | 0 |
_a339.5 _220 |
| 100 | 1 | _aMagill, Michael. | |
| 245 | 1 | 0 |
_aTheory of incomplete markets / _cMichael Magill, Martine Quinzii. |
| 260 |
_aCambridge, Mass. : _bMIT Press, _cc1996- |
||
| 300 |
_av. <1 > : _bill. ; _c26 cm. |
||
| 650 | 0 | _aEquilibrium (Economics) | |
| 650 | 0 | _aUncertainty. | |
| 700 | 1 | _aQuinzii, Martine. | |
| 942 |
_2lcc _cBK _n0 |
||
| 999 |
_c5840 _d5840 |
||